| 000 | 01448nam a2200397Ii 4500 | ||
|---|---|---|---|
| 001 | DIGEDICNSB0044 | ||
| 003 | NyNyDIG | ||
| 008 | 221007s2009 sp a o 001 0 spa d | ||
| 006 | m o d | ||
| 007 | cr ||||||||||| | ||
| 035 | _a(OCoLC)1379440204 | ||
| 040 |
_aDGITA _beng _erda _epn _cDGITA |
||
| 020 |
_a9788490190562 _qeBook |
||
| 020 | _z9788466637473 | ||
| 043 | _ae-sp--- | ||
| 050 | 1 | 4 | _aHQ1692.5.A3 ebook |
| 100 | 1 |
_aUssía, Alfonso, _eauthor. |
|
| 245 | 1 | 0 |
_aMujeres del reino / _cAlfonso Ussía ; ilustraciones, Luis Grañena. |
| 264 | 1 |
_aBarcelona (España) : _bEdiciones B, _c[2009] |
|
| 300 |
_a1 online resource : _billustrations. |
||
| 336 |
_atext _btxt _2rdacontent |
||
| 337 |
_acomputer _bc _2rdamedia |
||
| 338 |
_aonline resource _bcr _2rdacarrier |
||
| 347 |
_atext file _2rdaft |
||
| 347 | _bEPUB | ||
| 500 | _aIncludes index. | ||
| 588 | 0 | _aOnline resource; title from ePub title page (Digitalia, viewed October 07, 2022) | |
| 650 | 0 |
_aWomen _zSpain _vBiography. |
|
| 700 | 1 |
_aGrañena, Luis, _d1968- _eillustrator. |
|
| 791 | 2 |
_aDigitalia (Firm), _edistributor. |
|
| 793 | 0 |
_gDigitalia eBook Collection: _aEdiciones B |
|
| 776 | 0 | 8 |
_iPrint version: _aUssía, Alfonso. _tMujeres del reino. _b1a edición. _dBarcelona (España) : Ediciones B, [2009] _z9788466637473 |
| 856 | 4 | 0 |
_3Digitalia Hispánica _uhttps://www.digitaliapublishing.com/a/52937/ |
| 910 | _aPremium collection: 2022 | ||
| 942 | _cRAA | ||
| 999 |
_c253520 _d253520 |
||